Financial accounting. / (Record no. 1329)
[ view plain ]
| 000 -LEADER | |
|---|---|
| fixed length control field | 01737nam a22001937a 4500 |
| 008 - FIXED-LENGTH DATA ELEMENTS--GENERAL INFORMATION | |
| fixed length control field | 120614t xxu||||| |||| 00| 0 eng d |
| 020 ## - INTERNATIONAL STANDARD BOOK NUMBER | |
| International Standard Book Number | 0256160538 |
| 050 ## - LIBRARY OF CONGRESS CALL NUMBER | |
| Classification number | HF5635.L684 |
| 100 ## - MAIN ENTRY--PERSONAL NAME | |
| Personal name | Libby, Robert |
| 245 ## - TITLE STATEMENT | |
| Title | Financial accounting. / |
| Statement of responsibility, etc. | Robert Libby, Patricia A. Libby and Daniel G. Short. |
| 260 ## - PUBLICATION, DISTRIBUTION, ETC. | |
| Place of publication, distribution, etc. | Chicago: |
| Name of publisher, distributor, etc. | Irwin, |
| Date of publication, distribution, etc. | c1976. |
| 300 ## - PHYSICAL DESCRIPTION | |
| Extent | xix, 752 p.: |
| Other physical details | ill |
| Dimensions | 28cm. |
| 500 ## - GENERAL NOTE | |
| General note | Includes index. |
| 505 ## - FORMATTED CONTENTS NOTE | |
| Formatted contents note | Contents: Financial statements and business decisions: Management decision setting: maxidrive corporation -- The Accounting model and transaction analysis: Management decision setting -- Income measurement and operating decisions: Management decision setting -- The Adjustment process and financial statement presentation: Management decision setting -- The Communication of accounting information: Management decision setting -- Accounting for sales revenue, cash, and receivables -- Measuring inventory and cost of goods sold: Management decision setting -- Operational assets-property, plant, and equipment; natural resources; and intangibles: Management decision setting -- Measuring and reporting liabilities: Management decision setting -- Measuring and reporting bonds: Management decision setting -- Measuring and reporting owners' equity: Management decision setting -- Measuring and reporting investments in other corporations: Management decision setting -- Statement of cash flows: Management decision setting -- Using and interpreting financial statements: Management decision setting -- Appendix A: Future and present value tables -- Appendix B: Financial statements for toys. |
| 650 ## - SUBJECT ADDED ENTRY--TOPICAL TERM | |
| Topical term following geographic name entry element | Financial accounting. |
| 700 ## - ADDED ENTRY--PERSONAL NAME | |
| Personal name | Libby, Patricia A. |
| 700 ## - ADDED ENTRY--PERSONAL NAME | |
| Personal name | Short, Daniel G. |
| 942 ## - ADDED ENTRY ELEMENTS (KOHA) | |
| Source of classification or shelving scheme | Library of Congress Classification |
| Koha item type | Books |
| Withdrawn status | Lost status | Source of classification or shelving scheme | Damaged status | Not for loan | Home library | Current library | Shelving location | Date acquired | Total Checkouts | Full call number | Barcode | Date last seen | Price effective from | Koha item type |
|---|---|---|---|---|---|---|---|---|---|---|---|---|---|---|
| Library of Congress Classification | WISCONSIN INTERNATIONAL UNIVERSITY COLLEGE, GHANA - MAIN LIBRARY | WISCONSIN INTERNATIONAL UNIVERSITY COLLEGE, GHANA - MAIN LIBRARY | General Stacks | 14/06/2012 | HF5635.L684 | 3452/12 | 14/06/2012 | 14/06/2012 | Books |
